[Event "95th Caplin Hastings Congress"]
[Site "Hastings"]
[Date "2019.12.30"]
[Round "3.59"]
[White "Cresswell, Mike J"]
[Black "Stoyanov, Boris"]
[Result "1/2-1/2"]
[WhiteElo "1662"]
[BlackElo "1504"]
[Annotator "NA"]
[PlyCount "39"]
[EventDate "2019.12.28"]
[EventType "swiss"]
[EventCountry "ENG"]
[SourceTitle "playchess.com"]
[Source "ChessBase"]
[SourceQuality "1"]
[TimeControl "40/6600+30:3000+30"]

1. e4 {[%emt 0:09:35]} c5 {[%emt 0:09:33]} 2. Nf3 {[%emt 0:00:06]} g6 {[%emt 0:00:04]} 3. c3 {[%emt 0:00:57]} Bg7 {[%emt 0:00:09]} 4. d4 {[%emt 0:01:27]} cxd4 {[%emt 0:00:09]} 5. Nxd4 {[%emt 0:00:14]} Nc6 {[%emt 0:00:20]} 6. Be3 {[%emt 0:01:36]} Nf6 {[%emt 0:03:02]} 7. Nd2 {[%emt 0:01:41]} O-O {[%emt 0:00:33]} 8. Be2 {[%emt 0:01:33]} d5 {[%emt 0:02:19]} 9. Nxc6 {[%emt 0:06:23]} bxc6 {[%emt 0:00:13]} 10. e5 {[%emt 0:00:18]} Ne8 {[%emt 0:05:04]} 11. f4 {[%emt 0:02:39]} f6 {[%emt 0:00:28]} 12. Nf3 {[%emt 0:02:00]} Qc7 {[%emt 0:04:08]} 13. exf6 {[%emt 0:08:36]} Nxf6 {[%emt 0:03:26]} 14. Nd4 {[%emt 0:00:59]} Ne4 {[%emt 0:06:38]} 15. O-O {[%emt 0:04:18]} Bd7 {[%emt 0:09:07]} 16. Bg4 {[%emt 0:06:30]} Rab8 {[%emt 0:04:07]} 17. Bxd7 {[%emt 0:05:39]} Qxd7 {[%emt 0:01:13]} 18. Rb1 {[%emt 0:01:13]} Rb7 {[%emt 0:11:14]} 19. Qc2 {[%emt 0:05:28]} e6 {[%emt 0:06:07]} 20. Nf3 {[%emt 0:05:23]} 1/2-1/2

[Event "95th Caplin Hastings Congress"]
[Site "Hastings"]
[Date "2019.12.30"]
[Round "3.60"]
[White "Dewangan, Aayush"]
[Black "Thatte, Nandinee"]
[Result "0-1"]
[WhiteElo "1548"]
[BlackElo "1270"]
[Annotator "NA"]
[PlyCount "152"]
[EventDate "2019.12.28"]
[EventType "swiss"]
[EventCountry "ENG"]
[SourceTitle "playchess.com"]
[Source "ChessBase"]
[SourceQuality "1"]
[TimeControl "40/6600+30:3000+30"]

1. e4 {[%emt 1:30:39]} c6 {[%emt 0:00:08]} 2. d4 {[%emt 0:00:10]} d5 {[%emt 0:00:07]} 3. exd5 {[%emt 0:00:15]} cxd5 {[%emt 0:00:09]} 4. Bd3 {[%emt 0:00:10]} Nc6 {[%emt 0:00:13]} 5. c3 {[%emt 0:00:12]} Qc7 {[%emt 0:00:19]} 6. h3 {[%emt 0:00:23]} Nf6 {[%emt 0:00:32]} 7. Nf3 {[%emt 0:00:18]} g6 {[%emt 0:00:24]} 8. O-O {[%emt 0:00:19]} Bf5 {[%emt 0:00:27]} 9. Na3 {[%emt 0:01:29]} Bxd3 {[%emt 0:01:04]} 10. Qxd3 {[%emt 0:00:08]} Bg7 {[%emt 0:02:04]} 11. Bg5 {[%emt 0:01:28]} O-O {[%emt 0:02:14]} 12. Rac1 {[%emt 0:01:10]} Rad8 {[%emt 0:14:00]} 13. Rfe1 {[%emt 0:02:43]} Ne4 {[%emt 0:12:04]} 14. Be3 {[%emt 0:03:57]} a6 {[%emt 0:11:48]} 15. Nd2 {[%emt 0:01:45]} f5 {[%emt 0:06:18]} 16. Nxe4 {[%emt 0:06:31]} fxe4 {[%emt 0:01:53]} 17. Qd2 {[%emt 0:00:34]} e6 {[%emt 0:05:57]} 18. Bg5 {[%emt 0:01:03]} Rd7 {[%emt 0:04:33]} 19. Bh6 {[%emt 0:05:42]} Rdf7 {[%emt 0:04:07]} 20. Rf1 {[%emt 0:02:32]} Qb6 {[%emt 0:04:45]} 21. Bxg7 {[%emt 0:04:45]} Kxg7 {[%emt 0:01:01]} 22. Rb1 {[%emt 0:02:44]} Ne7 {[%emt 0:03:22]} 23. Nc2 {[%emt 0:01:59]} Nf5 {[%emt 0:02:28]} 24. Ne3 {[%emt 0:00:22]} h5 {[%emt 0:06:23]} 25. Nc2 {[%emt 0:02:34]} Qd8 {[%emt 0:02:18]} 26. b3 {[%emt 0:04:20]} Qf6 {[%emt 0:04:03]} 27. c4 {[%emt 0:02:46]} Nh4 {[%emt 0:03:31]} 28. Qe3 {[%emt 0:02:31]} Rc8 {[%emt 0:03:10]} 29. c5 {[%emt 0:00:43]} Nf5 {[%emt 0:01:25]} 30. Qd2 {[%emt 0:06:55]} g5 {[%emt 0:03:55]} 31. g3 {[%emt 0:07:29]} Rh8 {[%emt 0:03:32]} 32. b4 {[%emt 0:06:42]} Ra8 {[%emt 0:01:48]} 33. a4 {[%emt 0:05:37]} Rc7 {[%emt 0:01:10]} 34. Ra1 {[%emt 0:02:37]} Rf7 {[%emt 0:00:58]} 35. b5 {[%emt 0:02:32]} Rc7 {[%emt 0:01:20]} 36. b6 {[%emt 0:02:29]} Rcc8 {[%emt 0:01:09]} 37. Rab1 {[%emt 0:01:06]} Kg6 {[%emt 0:01:18]} 38. Rb3 {[%emt 0:00:13]} Ne7 {[%emt 0:00:39]} 39. f3 {[%emt 0:01:30]} Rf8 {[%emt 0:01:06]} 40. Ne3 {[%emt 0:01:34]} exf3 {[%emt 0:01:49]} 41. Nd1 {[%emt 0:00:29]} g4 {[%emt 0:04:50]} 42. h4 {[%emt 0:00:29]} Rac8 {[%emt 0:06:53]} 43. Nf2 {[%emt 0:03:44]} Nf5 {[%emt 0:03:59]} 44. Qf4 {[%emt 0:10:43]} Nxd4 {[%emt 0:03:06]} 45. Qxf6+ {[%emt 0:01:11]} Kxf6 {[%emt 0:02:02]} 46. Rb4 {[%emt 0:00:59]} Ne2+ {[%emt 0:01:37]} 47. Kh2 {[%emt 0:00:10]} Rxc5 {[%emt 0:00:40]} 48. Nd3 {[%emt 0:00:45]} Rc4 {[%emt 0:01:50]} 49. Rxc4 {[%emt 0:00:46]} dxc4 {[%emt 0:00:06]} 50. Nc5 {[%emt 0:00:11]} Ke7 {[%emt 0:03:23]} 51. Nxb7 {[%emt 0:00:21]} Rb8 {[%emt 0:00:18]} 52. Na5 {[%emt 0:01:07]} Rxb6 {[%emt 0:01:25]} 53. Nxc4 {[%emt 0:01:08]} Rb4 {[%emt 0:01:07]} 54. Ne5 {[%emt 0:00:37]} Rxa4 {[%emt 0:00:29]} 55. Rb1 {[%emt 0:00:14]} Ra2 {[%emt 0:05:46]} 56. Nd3 {[%emt 0:01:38]} Nc3+ {[%emt 0:01:21]} 57. Rb2 {[%emt 0:00:02]} Rxb2+ {[%emt 0:00:14]} 58. Nxb2 {[%emt 0:00:06]} a5 {[%emt 0:00:50]} 59. Kg1 {[%emt 0:00:06]} a4 {[%emt 0:00:36]} 60. Nc4 {[%emt 0:00:17]} Kf6 {[%emt 0:00:56]} 61. Kf2 {[%emt 0:00:12]} e5 {[%emt 0:01:09]} 62. Ke3 {[%emt 0:00:15]} Nd5+ {[%emt 0:02:31]} 63. Kf2 {[%emt 0:00:33]} e4 {[%emt 0:00:40]} 64. Na3 {[%emt 0:00:29]} e3+ {[%emt 0:00:52]} 65. Kf1 {[%emt 0:00:12]} Kf5 {[%emt 0:00:38]} 66. Nc2 {[%emt 0:00:09]} Ke4 {[%emt 0:01:41]} 67. Ke1 {[%emt 0:00:46]} f2+ {[%emt 0:01:59]} 68. Kf1 {[%emt 0:00:10]} Kf3 {[%emt 0:01:13]} 69. Nd4+ {[%emt 0:00:07]} Kxg3 {[%emt 0:00:42]} 70. Nf5+ {[%emt 0:00:05]} Kf4 {[%emt 0:00:21]} 71. Nd4 {[%emt 0:00:20]} g3 {[%emt 0:02:07]} 72. Ne2+ {[%emt 0:00:09]} Kg4 {[%emt 0:01:02]} 73. Kg2 {[%emt 0:00:24]} a3 {[%emt 0:00:30]} 74. Nd4 {[%emt 0:00:11]} a2 {[%emt 0:01:01]} 75. Nc2 {[%emt 0:00:11]} e2 {[%emt 0:00:14]} 76. Ne1 {[%emt 0:00:45]} f1=Q# {[%emt 0:00:18]} 0-1

[Event "95th Caplin Hastings Congress"]
[Site "Hastings"]
[Date "2019.12.31"]
[Round "4.1"]
[White "Panchanathan, Magesh Chandran"]
[Black "Howell, David W L"]
[Result "1-0"]
[WhiteElo "2479"]
[BlackElo "2676"]
[Annotator "TA"]
[PlyCount "91"]
[EventDate "2019.12.28"]
[EventType "swiss"]
[EventCountry "ENG"]
[SourceTitle "playchess.com"]
[Source "ChessBase"]
[SourceQuality "1"]

{[%evp 17,91,16,25,18,8,0,0,0,0,0,8,0,0,0,0,0,0,-37,0,-35,22,-14,10,17,17,12,11,-16,21,14,31,29,29,14,18,10,112,100,179,177,191,206,204,190,211,195,205,229,229,222,204,214,279,280,285,287,258,261,447,437,642,662,811,795,863,842,1357,993,983,934,1464,1323,1622,1493,2001,1514]} 1. c4 b6 2. b3 Bb7 3. Bb2 Nf6 4. e3 g6 5. Nf3 Bg7 6. Be2 O-O 7. O-O c5 8. d4 d6 9. Nc3 e6 10. Qc2 {E61: King's Indian: Early deviations for White, including Smyslov System} (10. dxc5 bxc5 11. Nb5 Ne8 12. Bxg7 Kxg7 13. Qc2 a6 14. Nc3 Nc6 15. Rad1 Qc7 16. Qb2 Kg8 17. Ng5 h6 {½-½ (79) Nakamura,H (2777)-Hou,Y (2658) chess.com INT 2018}) 10... Nc6 11. Rfd1 Qe7 12. a3 {The position is equal.} Rfd8 13. d5 $146 ({Predecessor:} 13. Ne1) 13... exd5 $1 14. cxd5 Ne5 15. Ne1 a6 16. a4 Re8 17. Rab1 h5 18. Ba1 Rac8 (18... Bc8 $15) 19. Bc4 h4 20. h3 Nfd7 21. Qe2 Ra8 22. Nc2 f5 23. f4 Nxc4 24. bxc4 a5 25. Re1 Ba6 26. Qd3 Nf6 (26... Rab8 $11 {remains equal.}) 27. Rxb6 $16 Nh5 (27... Nd7 $16 28. Rb3 Nf6) 28. Nb5 $18 Bxb5 29. cxb5 {[%cal Bc4b5,Bb5b6][%mdl 32]} Bxa1 30. Rxa1 ({Not} 30. Nxa1 Nxf4 31. Qd2 Qe5 $11) 30... Ng3 31. Rc6 g5 32. fxg5 Rad8 33. b6 Qxg5 34. Rc7 Re7 35. Rb1 Rb8 {And now ...Rxc7 would win.} 36. Rxe7 Qxe7 {[#]} 37. Na3 $1 Qe8 $2 (37... Qe4 {keeps fighting.} 38. Qxe4 Nxe4) 38. Nc4 {White is clearly winning.} Qxa4 (38... Qd7 $142 39. Rb5 Qd8 40. Rxa5 Qf6) 39. Nxd6 Qd7 40. Nc4 a4 41. d6 Ne4 42. b7 Kh7 43. Rb6 a3 44. Nxa3 Qg7 45. Nc4 Rg8 46. Rb2 {Accuracy: White = 65%, Black = 44%.} 1-0

[Event "95th Caplin Hastings Congress"]
[Site "Hastings"]
[Date "2019.12.31"]
[Round "4.2"]
[White "Edouard, Romain"]
[Black "Bagi, Mate"]
[Result "1/2-1/2"]
[WhiteElo "2653"]
[BlackElo "2469"]
[Annotator "TA"]
[PlyCount "131"]
[EventDate "2019.12.28"]
[EventType "swiss"]
[EventCountry "ENG"]
[SourceTitle "playchess.com"]
[Source "ChessBase"]
[SourceQuality "1"]

{[%evp 18,131,29,26,25,25,39,16,40,43,60,52,46,39,47,28,51,-13,-5,-28,-24,-23,-16,-32,47,0,22,13,65,48,134,139,127,131,143,145,140,138,133,117,116,116,122,108,119,92,92,92,110,110,105,86,86,86,86,86,86,86,86,86,86,66,66,67,72,67,86,86,86,77,77,77,78,22,30,14,30,14,20,14,14,10,37,0,0,0,60,0,0,0,0,0,0,0,40,0,0,0,29,0,0,0,0,0,0,0,0,0,0,0,0,0,0,0,0,0]} 1. c4 c5 2. Nf3 Nf6 3. b3 g6 4. Bb2 Bg7 5. g3 d6 6. Bg2 e5 7. d3 Nc6 8. Nc3 O-O 9. O-O h6 10. Nd2 Rb8 {A38: Symmetrical English vs ...g6: 4 Bg2 Bg7 5 Nf3 Nf6} (10... Be6 11. Nde4 Qd7 12. Nxf6+ Bxf6 13. a3 Bg7 14. Nd5 Rab8 15. b4 b6 16. Bc3 Ne7 17. Nxe7+ Qxe7 18. a4 Qd7 19. Qd2 d5 20. bxc5 bxc5 21. cxd5 Bxd5 {½-½ (36) Artemiev,V (2653)-Gelfand,B (2725) Moscow 2016}) 11. a3 Be6 12. Nd5 Ne8 $146 ({Predecessor:} 12... a5 13. e3 Nh7 14. Qc2 f5 15. f4 Qd7 16. Bc3 Bf7 17. Rae1 Rbe8 18. b4 axb4 19. axb4 cxb4 20. Nxb4 Nxb4 21. Bxb4 {½-½ (74) Hickl,J (2580)-Lutz,C (2555) Nussloch 1996}) 13. b4 cxb4 14. axb4 Bxd5 15. cxd5 Nxb4 16. Nc4 Na6 17. d4 ({White should try} 17. Qd2 $14) 17... Rc8 $11 18. Qb3 {[%cal Rd4e5]} exd4 19. Qxb7 Nc5 20. Qxa7 Rc7 (20... Nc7 $15) 21. Qa3 Qe7 22. Rfe1 Ne4 (22... Rb7 $11) 23. Na5 $36 {[%mdl 2048] aiming for Nc6. White is pushing.} Nc3 (23... Qe5 $14) 24. Nc6 $16 Qd7 {[#]} 25. Rac1 $1 Nf6 26. Bxc3 dxc3 27. Rxc3 Re8 28. Re3 Rxe3 29. Qxe3 Rb7 30. h3 Kh7 31. Qd3 Qc7 32. Rb1 Nd7 33. Rxb7 Qxb7 34. h4 Ne5 35. Nxe5 Bxe5 36. h5 {Hoping for Be4.} Kg7 37. hxg6 fxg6 38. Be4 Qf7 39. Kg2 h5 40. e3 Bf6 41. Qa3 Qe7 42. Bc2 Be5 43. f4 {[#] Strongly threatening Qd3.} Bf6 44. Qd3 Qe8 45. e4 (45. Kf3 $16) 45... Qf7 46. Bb1 Qe8 47. Qc2 Qf7 48. Qc6 Qe7 49. Bd3 Kh7 50. e5 dxe5 51. d6 Qf8 (51... Qe6 $11) 52. f5 ({White should play} 52. Qe4 $14 Qg7 53. f5) 52... gxf5 $11 53. Bxf5+ Kh6 54. Be4 {And now Qd7 would win.} Qg8 55. d7 Kg7 56. Bd5 Qf8 57. Qe6 e4 58. Qe8 h4 $1 {The position is equal.} 59. Qxe4 {Threatens to win with Qg4+.} hxg3 60. Qg4+ Kh6 61. Be4 {[%csl Ge4][%cal Rg4g6]} Qf7 62. Qf4+ Kg7 63. Qxg3+ Kf8 64. Qd6+ Kg7 65. Kg3 Qe7 66. Qxe7+ {Accuracy: White = 40%, Black = 55%.} 1/2-1/2

[Event "95th Caplin Hastings Congress"]
[Site "Hastings"]
[Date "2019.12.31"]
[Round "4.3"]
[White "Swayams, Mishra"]
[Black "Van den Doel, Erik"]
[Result "1/2-1/2"]
[WhiteElo "2479"]
[BlackElo "2589"]
[Annotator "TA"]
[PlyCount "34"]
[EventDate "2019.12.28"]
[EventType "swiss"]
[EventCountry "ENG"]
[SourceTitle "playchess.com"]
[Source "ChessBase"]
[SourceQuality "1"]

{[%evp 15,24,-8,3,-5,36,15,29,11,12,21,16]} 1. c4 c6 2. Nf3 d5 3. g3 Bg4 4. Bg2 e6 5. cxd5 exd5 6. O-O Nf6 7. d3 Nbd7 8. Nc3 Bd6 9. h3 {A11: English Opening: 1...c6} Bh5 (9... Bxf3 10. Bxf3 Qe7 11. e4 dxe4 12. Nxe4 Nxe4 13. Bxe4 O-O 14. Re1 Qd8 15. d4 Re8 16. Bd2 Nf6 {½-½ (31) Jones,G (2698)-Hovhannisyan,R (2630) Reykjavik 2019}) 10. Qc2 O-O 11. e4 Re8 12. Nh4 Nc5 {Predecessor:} 13. f4 $146 Ne6 14. Kh2 Bc5 15. Na4 Bf8 16. Nc3 Bc5 17. Na4 Bf8 {½-½ (47) Fodor,T (2493)-Pert,N (2566) Reading 2017} 1/2-1/2

[Event "95th Caplin Hastings Congress"]
[Site "Hastings"]
[Date "2019.12.31"]
[Round "4.4"]
[White "Sengupta, Deep"]
[Black "Bates, Richard A"]
[Result "1/2-1/2"]
[WhiteElo "2564"]
[BlackElo "2342"]
[Annotator "TA"]
[PlyCount "124"]
[EventDate "2019.12.28"]
[EventType "swiss"]
[EventCountry "ENG"]
[SourceTitle "playchess.com"]
[Source "ChessBase"]
[SourceQuality "1"]

{[%evp 13,124,6,34,13,20,9,8,0,0,0,0,0,0,0,2,-1,1,-62,-67,-55,-61,-53,-54,-56,-59,-60,-49,-70,-79,-61,-14,-25,-25,-53,-52,-49,-36,-80,-91,-135,-129,-138,-129,-163,-157,-450,-442,-508,-269,-289,-10,-11,18,16,16,16,16,20,20,21,19,0,0,0,14,14,13,14,14,14,17,13,17,13,16,8,25,25,28,30,33,33,33,18,18,8,8,8,9,8,24,8,8,8,8,8,8,8,8,8,8,8,8,8,8,8,8,0,8,0,8,8,8]} 1. d4 Nf6 2. Nf3 g6 3. Bg5 Bg7 4. Nbd2 O-O 5. c3 d5 6. e3 c5 7. Be2 Nc6 8. Bxf6 $146 {D03: 1 d4 d5 2 Nf3 Nf6 3 Bg5, including Torre Attack with early ...d5} ({Predecessor:} 8. O-O cxd4 9. exd4 Bf5 10. Re1 a6 11. h3 b5 12. Nb3 b4 13. c4 a5 14. cxd5 Nxd5 15. Rc1 Qd6 16. Bb5 Rfc8 17. Bh4 Na7 {1-0 (33) Harikrishna,P (2726)-Bacrot,E (2720) Dubai 2014}) 8... Bxf6 9. dxc5 a5 10. a4 b6 11. Bb5 Na7 12. c6 Qc7 13. e4 Rd8 {aiming for ...dxe4.} 14. Qe2 Nxc6 15. Bxc6 (15. exd5 $11 Rxd5 16. Ne4) 15... Qxc6 $15 16. e5 Ba6 17. Qe3 $1 {[#] Nd4 is the strong threat.} d4 $1 {[%mdl 512]} 18. Nxd4 (18. cxd4 Bg7) 18... Qxg2 19. O-O-O Bg7 20. f4 Qd5 21. Kb1 Rac8 22. h4 Qd7 23. h5 Qxa4 24. hxg6 hxg6 25. Rc1 (25. Qh3 $2 Rxd4 26. cxd4 Qxd4 $19) 25... Bb7 $36 {[%mdl 2048] Black has strong initiative.} 26. Rhg1 Bd5 {( -> ...Ba2+)} 27. b3 Qa3 28. f5 {Hoping for c4.} a4 {[%cal Ra4b3]} 29. c4 $2 (29. Nc2 $17 {was called for.} Qc5 30. Qxc5 Rxc5 31. Nd4) 29... axb3 $19 30. N4xb3 Bc6 (30... Ra8 31. Rc2 $17) 31. Rc3 {[#]} Bd7 $2 ({Worse is} 31... Ra8 32. fxg6 Be4+ 33. Nxe4 $11 (33. Qxe4 Rxd2 34. Nxd2 Qa1+ 35. Kc2 Ra2+ 36. Kd3 Qxg1 $11)) ({Better is} 31... Be8 $1 $19 {Threatens to win with ...b5.} 32. Rh1 Qb4 33. fxg6 Rc6 34. gxf7+ Bxf7) 32. e6 $1 $11 Bxc3 (32... Ba4 {is more complex.} 33. exf7+ Kf8 34. f6 exf6 35. Rxg6 Bxb3 36. Rxb3 Qa7) 33. Qxc3 {[#] Intending Rh1 and mate.} Bxe6 $1 34. fxe6 {White threatens Rh1 and mate.} Rxd2 $1 35. exf7+ Kxf7 ({Wrong is} 35... Kf8 $2 36. Qh8+ Kxf7 37. Rf1+ Ke6 38. Qxc8+ Kd6 39. Nxd2 $18) 36. Qf3+ Kg7 {[%csl Gd2][%cal Ra3b2]} 37. Qc3+ Kf7 $1 38. Qf3+ Kg7 {[%csl Gd2][%cal Ra3b2]} 39. Nxd2 {[%mdl 64] Discovered Attack} Qxf3 40. Nxf3 Rxc4 {[%mdl 4096] Endgame KRN-KR} 41. Ne5 Rb4+ 42. Kc2 Kf6 43. Kc3 Rb5 44. Nd7+ Kf7 45. Kc4 Rh5 46. Nxb6 Rh4+ 47. Kc5 Rh5+ 48. Kc6 Rf5 49. Nd5 g5 50. Ne3 Rf3 51. Re1 Kf6 52. Nd5+ Kf5 {The position is equal.} 53. Nxe7+ Kf4 54. Ng6+ Kg3 {And now ...Rf6+ would win.} 55. Rg1+ Kf2 56. Rxg5 Rg3 $1 57. Rf5+ Rf3 $1 58. Nf4 Kg3 $1 59. Ne2+ Kf2 $1 60. Nf4 Kg3 $1 61. Ne2+ Kf2 $1 62. Rxf3+ Kxf3 {Accuracy: White = 48%, Black = 65%.} 1/2-1/2

[Event "95th Caplin Hastings Congress"]
[Site "Hastings"]
[Date "2019.12.31"]
[Round "4.5"]
[White "Williams, Simon K"]
[Black "Korneev, Oleg"]
[Result "1/2-1/2"]
[WhiteElo "2461"]
[BlackElo "2524"]
[Annotator "TA"]
[PlyCount "37"]
[EventDate "2019.12.28"]
[EventType "swiss"]
[EventCountry "ENG"]
[SourceTitle "playchess.com"]
[Source "ChessBase"]
[SourceQuality "1"]

{[%evp 20,22,0,0,0]} 1. d4 Nf6 2. c4 e6 3. Nf3 d5 4. Nc3 c6 5. Bg5 Nbd7 6. cxd5 exd5 7. e3 Be7 8. Bd3 Ne4 9. Bxe7 Qxe7 10. Bxe4 dxe4 11. Nd2 f5 {D35: Queen's Gambit Declined: Exchange Variation} {Predecessor:} 12. g4 $146 Nf6 13. g5 Nd5 14. Nxd5 cxd5 15. Qb3 Be6 16. f4 h6 17. Qb5+ Kf7 18. g6+ Kxg6 19. h4 {0-1 (39) Damljanovic,B (2562)-Blagojevic,D (2495) Belgrade 2014} 1/2-1/2

[Event "95th Caplin Hastings Congress"]
[Site "Hastings"]
[Date "2019.12.31"]
[Round "4.6"]
[White "Petrov, Martin"]
[Black "Arkell, Keith C"]
[Result "1-0"]
[WhiteElo "2497"]
[BlackElo "2453"]
[Annotator "TA"]
[PlyCount "176"]
[EventDate "2019.12.28"]
[EventType "swiss"]
[EventCountry "ENG"]
[SourceTitle "playchess.com"]
[Source "ChessBase"]
[SourceQuality "1"]

{[%evp 10,176,48,48,47,52,61,45,48,43,42,45,66,33,75,50,58,47,64,28,26,26,43,23,30,26,23,17,79,78,96,56,67,52,52,29,41,31,31,30,42,33,48,36,29,29,88,94,95,88,88,88,88,88,88,85,163,175,200,196,217,198,193,113,113,0,113,113,113,113,113,113,113,113,113,113,113,113,113,113,113,113,150,0,113,0,113,110,113,113,137,144,127,131,134,97,160,156,435,435,435,435,420,420,435,420,347,418,426,401,398,398,398,382,372,307,251,47,47,19,355,332,742,711,3239,3057,3574,3574,3574,2787,5604,5600,29954,29954,29947,29955,29954,29956,29963,29958,29960,29961,29962,29959,29962,29965,29965,29966,29966,29968,29969,29970,29969,29970,29969,29969,29971,29972,29971,29973,29972,29973,29973,29972,29971,29972,29976,29977,29993]} 1. e4 d5 2. exd5 Qxd5 3. Nc3 Qd8 4. d4 Nf6 5. Nf3 Bg4 6. h3 Bxf3 {B01: Scandinavian Defence} 7. Qxf3 c6 8. Be3 e6 {White is slightly better.} 9. Bd3 (9. O-O-O Bb4 10. Ne4 Nxe4 11. Qxe4 Qd5 12. Qxd5 cxd5 13. c4 dxc4 14. Bxc4 {1-0 (41) Dominguez Perez,L (2739)-Pichot,A (2552) chess.com INT 2018}) 9... Nbd7 10. O-O-O Nb6 11. Kb1 Bd6 12. Ne4 $146 ({Predecessor:} 12. Bc1 Nbd5 13. Nxd5 Nxd5 14. c4 {1-0 (41) Moreto Quintana,A (2172)-Saevich,Y (1893) ICCF email 2016}) 12... Nxe4 13. Qxe4 Nd5 14. Qg4 g6 15. c3 h5 16. Qe4 Qf6 17. Rhf1 O-O-O 18. c4 Nb4 (18... Nxe3 $11 {remains equal.} 19. fxe3 Qe7) 19. Be2 $1 $16 {aiming for a3.} Qf5 20. f3 Bg3 21. a3 Na6 22. d5 exd5 23. Qxf5+ gxf5 24. Bxa7 Nc7 25. Bd3 dxc4 26. Bxf5+ Ne6 27. Bb6 $36 {[%mdl 2048] White is pushing.} Rd5 (27... Bc7 $11 28. Bd4 Rhe8) 28. Rxd5 cxd5 29. Rd1 Kd7 30. Rxd5+ Kc6 31. Bxe6 fxe6 {[%mdl 4096] Endgame KRB-KRB} 32. Rg5 Bd6 (32... Bf4 $16 {is a better defense.} 33. Bd4 Bxg5 34. Bxh8 Kd5) 33. Bd4 $18 Rh7 34. Kc2 b5 35. Kc3 h4 36. Rg6 (36. a4 $1 $18) 36... Kd5 $16 37. Rg5+ (37. Rg4 $16) 37... e5 (37... Kc6 $1 $11) 38. Bf2 Be7 39. Rg4 Rh8 40. Be3 Ra8 41. Kc2 Rf8 42. Bd2 Rf7 43. Be1 Rh7 44. Kd1 Rh8 45. Ke2 Rb8 46. Kd1 Rh8 47. Kc2 Rh7 48. Bb4 Bf6 49. Rg6 Rf7 50. Rh6 e4 51. fxe4+ Kxe4 {[#]} 52. Be1 $1 Bg5 ({Black should try} 52... Bd4) 53. Rh5 Rf1 $2 (53... Rg7 $16) 54. Rxg5 $18 Rxe1 55. Rxb5 {KR-KR} Kd4 56. Kd2 Rb1 {If Black can now play ...Rf1 this consolidates a bit.} 57. Ke2 Ke4 58. Rb4 Kd4 59. Kf3 Kc5 60. Kg4 Rg1 61. Kxh4 Rxg2 62. Kh5 Rg8 {[#]} 63. h4 $2 (63. b3 $1 $18) 63... Rh8+ $1 $14 64. Kg4 {Threatens to win with b3.} Rg8+ $2 {[%mdl 8192]} (64... Rd8 $1 $11) 65. Kh3 $18 Rh8 $2 (65... Rd8 66. Rb7 Rd3+ 67. Kg4 Rd4+ 68. Kg5 Rd5+ 69. Kg4 Rd4+ 70. Kg5 Rd5+ 71. Kg6 Kc6) 66. b3 cxb3 67. Rxb3 Kd5 68. a4 Ra8 69. Rb4 Ke6 70. h5 Kf6 71. h6 {White mates.} Kg6 72. Rh4 Kh7 73. Kg3 Rf8 74. Kg4 Rf1 75. a5 Rf2 76. Kg3 Ra2 77. Rh5 Re2 78. Kf4 Re1 79. Kf5 Re2 80. Kf6 Re1 81. Re5 Ra1 82. Ke7 Kxh6 83. Re6+ Kg5 84. a6 Kf5 85. Kd7 Rh1 86. Rd6 Ke5 87. Kc7 Rb1 88. Rb6 Kd5 {Accuracy: White = 75%, Black = 43%.} 1-0